Valuation tables for friendly societies based upon sickness experience of the I.O.O.F. Manchester unity, during the five years 1893-97 : (Record no. 36133)
[ view plain ]
| 000 -LEADER | |
|---|---|
| fixed length control field | 01013nam a22002532 4500 |
| 001 - CONTROL NUMBER | |
| control field | 36133 |
| 003 - CONTROL NUMBER IDENTIFIER | |
| rucl marc code | BD-RjUL |
| 005 - DATE AND TIME OF LATEST TRANSACTION | |
| control field | 20211209052435.0 |
| 008 - FIXED-LENGTH DATA ELEMENTS--GENERAL INFORMATION | |
| fixed length control field | 140617s1933 enk 000 0 eng d |
| 035 ## - SYSTEM CONTROL NUMBER | |
| System control number | (BD-RjUL)36230 |
| -- | OCLC ocm12852976 from D971120M |
| 040 ## - CATALOGING SOURCE | |
| Original cataloging agency | DRB |
| Transcribing agency | DRB |
| Modifying agency | BD-RjUL |
| Language of cataloging | eng |
| 041 ## - LANGUAGE CODE | |
| Language code of text/sound track or separate title | eng |
| 082 ## - DEWEY DECIMAL CLASSIFICATION NUMBER | |
| Author mark and year | VAL 1933 |
| Classification number | 368.32 |
| 245 00 - TITLE STATEMENT | |
| Title | Valuation tables for friendly societies based upon sickness experience of the I.O.O.F. Manchester unity, during the five years 1893-97 : |
| Remainder of title | combined with mortality rates .. / |
| Statement of responsibility, etc. | compiled by Victor A. Burrows and Guy Woodrow. |
| 260 ## - PUBLICATION, DISTRIBUTION, ETC. (IMPRINT) | |
| Place of publication, distribution, etc. | Cambridge [Eng.] : |
| Name of publisher, distributor, etc. | Pub. for the Institute of Actuaries at the University Press, |
| Date of publication, distribution, etc. | 1933. |
| 300 ## - PHYSICAL DESCRIPTION | |
| Pagination | 49, [1] p. ; |
| Size | 23 cm. |
| 500 ## - GENERAL NOTE | |
| General note | At head of title: The Institute of actuaries. |
| 650 #0 - SUBJECT ADDED ENTRY--TOPICAL TERM | |
| Topical term or geographic name as entry element | Life insurance. |
| 9 (RLIN) | 109980 |
| Topical term or geographic name as entry element | Mortality. |
| 9 (RLIN) | 109981 |
| 700 1# - ADDED ENTRY--PERSONAL NAME | |
| Personal name | Burrows, Victor A. |
| Personal name | Woodrow, Guy. |
| 710 2# - ADDED ENTRY--CORPORATE NAME | |
| Corporate name or jurisdiction name as entry element | Institute of Actuaries (Great Britain) |
| 9 (RLIN) | 109984 |
| 942 ## - ADDED ENTRY ELEMENTS (KOHA) | |
| Source of classification or shelving scheme | Dewey Decimal Classification |
| Koha item type | Books |
| Lost status | Source of classification or shelving scheme | Damaged status | Not for loan | Collection code | Permanent Location | Current Location | Shelving location | Date acquired | Source of acquisition | Cost, normal purchase price | Total Checkouts | Full call number | Date last seen | Copy number | Koha item type |
|---|---|---|---|---|---|---|---|---|---|---|---|---|---|---|---|
| Dewey Decimal Classification | Not For Loan | Non-fiction | Central Library, University of Rajshahi | Central Library, University of Rajshahi | Reading Room | 20/10/1962 | Zeitlinger | 6.00 | 368.32 VAL 1933 | 17/06/2014 | C-1 | Books |